Chimie 2de année PSI PSI* : avec + de 200 exercices résolus (Record no. 56017)

MARC details
000 -LEADER
fixed length control field 00577nam a22002057a 4500
007 - PHYSICAL DESCRIPTION FIXED FIELD--GENERAL INFORMATION
fixed length control field 00
008 - FIXED-LENGTH DATA ELEMENTS--GENERAL INFORMATION
fixed length control field 170227b xxu||||| |||| 00| 0 eng d
020 ## - INTERNATIONAL STANDARD BOOK NUMBER
International Standard Book Number 2-7430-0685-4
040 ## - CATALOGING SOURCE
Original cataloging agency BUAC
Transcribing agency BUC
041 ## - LANGUAGE CODE
Language code of text/sound track or separate title Fre.
100 ## - MAIN ENTRY--PERSONAL NAME
Personal name GRECIAS, Pierre
245 ## - TITLE STATEMENT
Title Chimie 2de année PSI PSI* : avec + de 200 exercices résolus
Statement of responsibility, etc / par Pierre Grécias
260 ## - PUBLICATION, DISTRIBUTION, ETC. (IMPRINT)
Place of publication, distribution, etc Paris :
Name of publisher, distributor, etc Lavoisier ,
Date of publication, distribution, etc 2004.
300 ## - PHYSICAL DESCRIPTION
Extent 455 p.
Dimensions 27 cm.
440 ## - SERIES STATEMENT/ADDED ENTRY--TITLE
Title (Référence prépas)
International Standard Serial Number 1764-4704
9 (RLIN) 80
500 ## - GENERAL NOTE
General note Index : pp(451-455)
630 ## - SUBJECT ADDED ENTRY--UNIFORM TITLE
Uniform title SCIENCES EXACTES
650 ## - SUBJECT ADDED ENTRY--TOPICAL TERM
Topical term or geographic name as entry element CHIMIE
942 ## - ADDED ENTRY ELEMENTS (KOHA)
Item type Libre Accès
Holdings
Withdrawn status Lost status Damaged status Not for loan Location (home branch) Sublocation or collection (holding branch) Shelving location Date acquired Source of acquisition Coded location qualifier Koha issues (times borrowed) Koha full call number Piece designation (barcode) Koha date last seen Copy number Price effective from Koha item type
        Bibliothèque Universitaire Centrale Bibliothèque Universitaire Centrale   28/10/2016 Don ABAR 16/1374   54 GRE 16-1374Buc 27/02/2017 1 27/02/2017 Libre Accès
        Bibliothèque Universitaire Centrale Bibliothèque Universitaire Centrale   28/10/2016 Don ABAR 16/1378   54 GRE 16-1378Buc 27/02/2017 2 27/02/2017 Livre


© 2008, Bibliothèques de l'Université d'Abomey-Calavi

04 BP 789 Cotonou, Tél. : +229 21 36 01 01, Fax : +229 21 35 06 32

Courriel : bu@bu.uac.bj